00791nam a2200193 a 450000500170000000800410001701000150005802000180007305000250009110000170011624501340013326000680026730000290033550000510036452100080041565000800042365000730050370000210057620140310183529.0111013s19uu xx 00 eng d a2009030759 a9781441174765 aLB 1065b.Sp668 2010 aSpooner, Liz aTeaching children to listen :ba practical approach to developing children's listening skills /cLiz Spooner and Jacqui Woodcock. aLondon ; New York :bContinuum International Pub. Group,c2010. a129 p. :bill. ;c30 cm. aIncludes bibliographical references and index. aEDU aListening comprehensionxStudy and teaching (Elementary)xActivity programs aEnglish languagexStudy and teaching (Elementary)xActivity programs aWoodcock, Jacqui